Về công tác cán bộ
Nội dung cuốn " Hồ Chí Minh-Về công tác cán bộ" là những giá trị tư tưởng của Bác Hồ về cán bộ và công tác cán bộ. Quyển sách tập hợp những bài viết, bài nói, phát khen, phát biểu ....của Bác, quan điểm của Bác trong công tác...
Salvato in:
| Autore principale: | |
|---|---|
| Natura: | Libro |
| Lingua: | Undetermined |
| Pubblicazione: |
Hà Nội
Thanh niên
2007
|
| Soggetti: | |
| Tags: |
Aggiungi Tag
Nessun Tag, puoi essere il primo ad aggiungerne! !
|
| Thư viện lưu trữ: | Trung tâm Học liệu Trường Đại học Cần Thơ |
|---|
| LEADER | 01103nam a2200229Ia 4500 | ||
|---|---|---|---|
| 001 | CTU_135377 | ||
| 008 | 210402s9999 xx 000 0 und d | ||
| 020 | |c 65000 | ||
| 082 | |a 352.6601 | ||
| 082 | |b M312 | ||
| 100 | |a Hồ, Chí Minh | ||
| 245 | 0 | |a Về công tác cán bộ | |
| 245 | 0 | |c Hồ Chí Minh; Nguyễn Vũ, Nguyễn Thái Anh (tuyển chọn và giới thiệu) | |
| 260 | |a Hà Nội | ||
| 260 | |b Thanh niên | ||
| 260 | |c 2007 | ||
| 520 | |a Nội dung cuốn " Hồ Chí Minh-Về công tác cán bộ" là những giá trị tư tưởng của Bác Hồ về cán bộ và công tác cán bộ. Quyển sách tập hợp những bài viết, bài nói, phát khen, phát biểu ....của Bác, quan điểm của Bác trong công tác cán bộ. | ||
| 650 | |a Trung tâm Học liệu ĐH Cần Thơ,Communist parties,communism,personnel management | ||
| 650 | |x Cán bộ | ||
| 650 | |z vietnam | ||
| 904 | |i Năm | ||
| 980 | |a Trung tâm Học liệu Trường Đại học Cần Thơ | ||